000 00874nam a2200265Ia 4500
003 OSt
005 20220918170750.0
006 a|||||r|||| 00| 0
007 ta
008 220917b |||||||| |||| 00| 0 eng d
020 _a9780470670224 (pbk)
_c1710.43
024 _a261,946
037 _b11-09668, 16/01/2012, Atlantic Publisher & Dist.Pvt.Ltd.
_cTextual
040 _aARTS
_cARTS
_beng
041 _2eng
_aeng
082 _aS:7, Q1
100 _aArciero Giampiero
_931026
245 0 _aSelfhood, identity and personality styles
260 _aWest Sussax
_b John Wiley & Sons
_c2011
300 _axv,267p.
_ccm.
650 _aPSYCHOLOGY; PERSONALITY
_931027
700 _a Bondolfi Guido
_931028
942 _hS:7, Q1
_cTEXL
_2CC
999 _c135627
_d135627